Word Ladder: Street Crossing Quiz Stats

 Plays Quiz Updated Jul 22, 2015

Challenge
Share
Tweet
Embed
Score 0/12 Timer 01:00
0 Plays Today
Clue Answer % Correct
Secure a doorLOCK
94.5%
Shower alternativeBATH
87.5%
Insect attracted to lightMOTH
85.1%
Make fun ofMOCK
84.1%
Addition e.g.MATH
81.1%
Bobby Darin's '____ the Knife'MACK
72.8%
Creatures that use echolocationBATS
71.4%
Supersonic speed unitMACH
70.1%
With [rung 1] and [rung 12], what you might hear at a crosswalk•BOTH•
68.8%
Hudson, Chesapeake and Bengal, e.g.BAYS
66.1%
With [rung 8] and [rung 12], what you might hear at a crosswalk•LOOK•
64%
With [rung 1] and [rung 8], what you might hear at a crosswalk•WAYS•
56.1%

Today's Daily Dose

You're not logged in!

Compare scores with friends on all Sporcle quizzes.
OR
Log In

You Might Also Like...

Show Comments

Extras

Top Quizzes Today


Score Distribution

Your Account Isn't Verified!

In order to create a playlist on Sporcle, you need to verify the email address you used during registration. Go to your Sporcle Settings to finish the process.

Report this User

Report this user for behavior that violates our Community Guidelines.

Details: